000
00295nam a2200109Ia 4500
008
201217s9999 xx 000 0 und d
100
_a
Kher, Manik
245
0
_a
Labour - Management Court Battles : The Manoeuvring Game
260
_a
Pune
_b
Times Research Foundation
300
_a
126
942
_c
BK
999
_c
7670
_d
7670